[Event "CFriend AT-2005-0-00365 email"]
[Site "Chessfriend.com"]
[Date "2005.11.16"]
[Round "1"]
[White "Niewiadomski, Wieslaw"]
[Black "Boehme, Sebastian"]
[Result "1-0"]
[WhiteElo "2328"]
[BlackElo "1850"]
[PlyCount "21"]
[EventDate "2005.??.??"]
[EventType "tourn (corr)"]
[EventRounds "2"]
[SourceTitle "Corr 2024"]
[Source "ChessBase"]
[SourceDate "2023.10.19"]
[SourceVersion "1"]
[SourceVersionDate "2023.10.19"]
[SourceQuality "1"]

1. e4 e5 2. f4 exf4 3. Nf3 g5 4. h4 g4 5. Ne5 Qe7 6. d4 d6 7. Nxg4 Qxe4+ 8. Qe2 Qe7 9. Qxe7+ Bxe7 10. Be2 h5 11. Nf2 1-0